| 000 | 00871cam a2200265 a 4500 | ||
|---|---|---|---|
| 001 | 000011640 | ||
| 005 | 20200929162518.0 | ||
| 008 | 020919s2000 mx 000 0dspa | ||
| 020 | _a9681907973 | ||
| 040 |
_aDO-SdBNP _cDLC _dDLC |
||
| 043 | _as-cl--- | ||
| 082 |
_a923.2 _bP657S |
||
| 100 | 1 |
_aScherer García, Julio, _d1926- _93972 |
|
| 245 | 1 | 0 |
_aPinochet : _bvivir matando / _cJulio Scherer García. |
| 260 |
_aMéxico : _bNuevo Siglo Aguilar, _c2000. |
||
| 300 |
_a147 p. ; _c24 cm. |
||
| 490 | 1 | _aNuevo Siglo Aguilar | |
| 504 | _aIncluye referencias bibliográficas (p. 147). | ||
| 600 | 0 | 4 |
_aPINOCHET UGARTE, AUGUSTO, _d1915-2006 _927568 |
| 651 | 4 |
_aChile _xPolítica Y Gobierno _y1973-1988. _927569 |
|
| 651 | 4 |
_aChile _xPolítica Y Gobierno _y1988- _927570 |
|
| 830 | 0 |
_aNuevo Siglo Aguilar _927571 |
|
| 910 | _aCatalogación por copia / LC | ||
| 049 | _aBNGR | ||
| 999 |
_c11332 _d11332 |
||